Ensayos sobre ciudadanía: reflexiones desde el trabajo social (Registro nro. 3957)
[ vista simple ]
| 000 -LEADER | |
|---|---|
| fixed length control field | 00952naa a2200205 4500 |
| 003 - CONTROL NUMBER IDENTIFIER | |
| control field | armounm |
| 005 - DATE AND TIME OF LATEST TRANSACTION | |
| control field | 20231204160457.0 |
| 008 - FIXED-LENGTH DATA ELEMENTS--GENERAL INFORMATION | |
| fixed length control field | 140904b2003 ag ||||| |||| 00| 0 spa d |
| 040 ## - CATALOGING SOURCE | |
| Transcribing agency | AR-MoUNM |
| 100 1# - MAIN ENTRY--PERSONAL NAME | |
| 9 (RLIN) | 1209 |
| Personal name | Aquín, Nora. |
| 240 10 - UNIFORM TITLE | |
| Uniform title | Recurso Accesible |
| 245 10 - TITLE STATEMENT | |
| Title | En torno a la ciudadanía |
| Medium | [recurso electrónico] / |
| Remainder of title | Nora Aquín. |
| 300 ## - PHYSICAL DESCRIPTION | |
| Extent | Datos electrónicos (1 archivo : 86 KB) |
| 500 ## - GENERAL NOTE | |
| General note | Capítulo 1. |
| 505 0# - FORMATTED CONTENTS NOTE | |
| Formatted contents note | Material digitalizado preparado con fines de estudio o recreación, para uso exclusivo y personal de usuarios no videntes, o con otras discapacidades perceptivas. No está disponible para otros usuarios para proteger los derechos de autor en la normativa vigente. |
| 650 #7 - SUBJECT ADDED ENTRY--TOPICAL TERM | |
| 9 (RLIN) | 54 |
| Topical term or geographic name as entry element | TRABAJO SOCIAL |
| Source of heading or term | unescot |
| 650 #7 - SUBJECT ADDED ENTRY--TOPICAL TERM | |
| 9 (RLIN) | 6339 |
| Source of heading or term | mpirdes |
| Topical term or geographic name as entry element | NACIONALIDAD |
| 773 0# - HOST ITEM ENTRY | |
| Main entry heading | Aquín, Nora. |
| Title | Ensayos sobre ciudadanía: reflexiones desde el trabajo social |
| Place, publisher, and date of publication | Buenos Aires : Espacio, 2003 |
| Relationship information | p. 15-25. |
| 942 ## - ADDED ENTRY ELEMENTS (KOHA) | |
| Koha item type | Artículos |
| Withdrawn status | Lost status | Damaged status | Not for loan | Home library | Current library | Date acquired | Total Checkouts | Date last seen | Price effective from | Koha item type |
|---|---|---|---|---|---|---|---|---|---|---|
| Biblioteca Accesible | Biblioteca Accesible | 05/09/2014 | 05/09/2014 | 05/09/2014 | Recurso electrónico |


